| 000 | 03183cam a2200349 a 4500 | ||
|---|---|---|---|
| 003 | EG-GiCUC | ||
| 005 | 20250223032537.0 | ||
| 008 | 200805s2019 ua dho f m 000 0 eng d | ||
| 040 |
_aEG-GiCUC _beng _cEG-GiCUC |
||
| 041 | 0 | _aeng | |
| 049 | _aDeposite | ||
| 097 | _aPh.D | ||
| 099 | _aCai01.11.25.Ph.D.2019.Ah.R | ||
| 100 | 0 | _aAhmed Samir Sowelam Rady | |
| 245 | 1 | 0 |
_aRole of endobutton technique in fixation of tibialis posterior tendon transfer in correction of foot drop deformity / _cAhmed Samir Sowelam Rady ; Supervised Ali Mohamed Elzawahry , Khaled Mohamed Abdelhalim , Ayman Abdelsamie Shaheen |
| 246 | 1 | 5 | _aدور نقل وتر الساق الخلفى وتثبيته بواسطة الحشر فى حالات سقوط القدم وتثبيته بواسطة زر جراحى |
| 260 |
_aCairo : _bAhmed Samir Sowelam Rady , _c2019 |
||
| 300 |
_a108 P. : _bcharts , facsimiles , photoghraphs ; _c25cm |
||
| 502 | _aThesis (Ph.D.) - Cairo University - Faculty of Medicine - Department of Orthopedic Surgery | ||
| 520 | _aBackground: This study aimed to analyze the clinical results after fixation of tibialis posterior tendon using endobutton technique and to determine whether this technique provides enough stability to permit active range of motion, healing, maintain strength and eliminate the need for braces to improve the gait. Methods: This prospective study was undertaken to assess the use of endobutton technique in fixation of tibialis posterior tendon transfer. All patients included in this study were managed and followed up at Kasr Al-Ainy Hospital in the period from June 2016 to June 2018. All cases of foot drop were treated using tibialis posterior tendon transfer and fixation by endobutton technique. The study was conducted on 30 patients aged from 15 - 50 years and the mean age was 33.7 years. Out of the 30 studied patients, 24were males (80 %) and 6 were females (20%). All patients were followed up for a minimum period of 6 months; the maximum period of follow up was 12 months with an average period of 7.9 months. Lengthening of the Achilles tendon was performed first, if the foot could not easily be passively dorsiflexed to 10{u00B0} beyond neutral.Results: This study reviewed the results of treatment of foot drop presented in 30 patients treated using posterior tendon transfer and all of the transfers were performed through the interosseous route. The distal attachment of the tibialis posterior tendon in this study was fixated by endobutton technique. All patients were able to complete the study and were included in the analysis. 16 cases got excellent score (53.33 %), eight cases were good (26.67%), five cases were fair (16.67%) and one case was poor (3.33%) at final follow up | ||
| 530 | _aIssued also as CD | ||
| 653 | 4 | _aCommon peroneal nerve palsy | |
| 653 | 4 | _aDrop foot | |
| 653 | 4 | _aEndobutton technique | |
| 700 | 0 |
_aAli Mohamed Elzawahry , _eSupervisor |
|
| 700 | 0 |
_aAyman Abdelsamie Shaheen , _eSupervisor |
|
| 700 | 0 |
_aKhaled Mohamed Abdelhalim , _eSupervisor |
|
| 856 | _uhttp://172.23.153.220/th.pdf | ||
| 905 |
_aNazla _eRevisor |
||
| 905 |
_aShimaa _eCataloger |
||
| 942 |
_2ddc _cTH |
||
| 999 |
_c77082 _d77082 |
||